000 00929nam a2200241 i 4500
001 189168
003 SpMaBN
005 20250605122551.0
008 190412s1988 sp ao |||| | fre d
020 _a84-7788-021-2
080 _a665.327.3(464+467.42)
080 _a634.63(464+467.42)
245 0 2 _aL'huile dans Castilla-La Mancha /
_c[... réalisé par Lorenzo Díaz ... ( et al.) ; traduction, Elisabeth Gaffory].
260 _a[Toledo] :
_bConsejería de Agricultura, Junta de Comunidades de Castilla-La Mancha,
_c[1988]
300 _a144 p. :
_bil. col. y n., fot. ;
_c26 cm.
650 7 _aAceite de oliva-
_zCastilla-La Mancha.
_9166817
650 7 _aOlivicultura.
_9148202
700 1 _aDíaz, Lorenzo,
_d1946-
_9166818
710 1 _aCastilla-La Mancha.
_bJunta de Comunidades.
_92495
852 _aES-MaACL
_jA-14460
_9196306
_bR.152026
_cDEPO1
_dOlim: N-7460
942 _2udc
_cMONOGRAFIA
999 _c189168
_d189168